La invención de la tradición
Salvato in:
| Autori principali: | , |
|---|---|
| Natura: | Libro |
| Lingua: | spagnolo |
| Pubblicazione: |
Barcelona
Crítica
2012
|
| Soggetti: | |
| Tags: |
Aggiungi Tag
Nessun Tag, puoi essere il primo ad aggiungerne!!
|
MARC
| LEADER | 00000cam a2200000 a 4500 | ||
|---|---|---|---|
| 001 | UCF7132 | ||
| 003 | CL-VaPUC | ||
| 008 | 130606e20120400SP |||||||||||||||||spa|d | ||
| 020 | |a 9788498923735 | ||
| 082 | 0 | 4 | |a 390 |b HOB |2 21 |
| 100 | |a Hobsbawm, Eric |e prefacio |9 500134 | ||
| 700 | 0 | |a Ranger, Terence O |e author |9 569116 | |
| 245 | 1 | 3 | |a La invención de la tradición |
| 300 | |a 318 p | ||
| 942 | |c BK | ||
| 945 | |d 20130606 00:00:00 |a dcastane | ||
| 260 | |a Barcelona |b Crítica |c 2012 | ||
| 650 | 0 | |a Costumbres y tradiciones |9 268292 | |
| 650 | 7 | |a FOLKLORE |2 CL-VaPUC |9 268291 | |
| 650 | 0 | |a Ritos y ceremonias |9 326995 | |
| 583 | |a last modification |c 20130606 11:56:00 |k Rodrigo Vera | ||
| 999 | |c 352051 |d 352049 | ||
| 952 | |0 0 |1 0 |4 0 |6 390_000000000000000_HOB_2012 |7 0 |8 A |9 456557 |a BIBARQ |b BIBARQ |d 2019-11-22 |i 4977653 |l 6 |m 3 |o 390 HOB 2012 |p 4977653 |r 2025-01-20 |s 2021-10-05 |w 2019-11-22 |y BK |k ARQ | ||